书目信息 |
| 题名: |
现代分离方法与技术
|
|
| 作者: | 丁明玉 主编 | |
| 分册: | ||
| 出版信息: | 北京 化学工业出版社 2012.3 |
|
| 页数: | 280页 | |
| 开本: | 26cm | |
| 丛书名: | ||
| 单 册: | ||
| 中图分类: | TQ028-43 | |
| 科图分类: | ||
| 主题词: | 分离--化工过程--高等学校--教材 , 分离 , 化工过程 | |
| 电子资源: | ||
| ISBN: | 978-7-122-13397-7 | |
| 000 | 01012nam0 2200277 450 | |
| 001 | 0400004350 | |
| 005 | 20171026095058.04 | |
| 010 | @a978-7-122-13397-7@dCNY32.00 | |
| 100 | @a20120708e20162012em y0chiy50 ea | |
| 101 | 0 | @achi |
| 102 | @aCN@b110000 | |
| 105 | @aa z 000yy | |
| 106 | @ar | |
| 200 | 1 | @a现代分离方法与技术@9xian dai fen li fang fa yu ji shu@f丁明玉主编 |
| 205 | @a第2版 | |
| 210 | @a北京@c化学工业出版社@d2012.3@h2016.9 | |
| 215 | @a280页@c图@d26cm | |
| 300 | @a高等学校教材 | |
| 330 | @a本书较全面地介绍了分离科学原理和多种主要分离技术。全书共10章,在简要介绍分离方法的基本概念和基本原理(分离过程的热力学和动力学、分子间的相互作用等)的基础上,对科学研究和生产实际中应用广泛的主要分离技术(包括萃取、色谱、膜分离、电化学分离等)进行了重点阐述。 | |
| 606 | 0 | @a分离@x化工过程@x高等学校@j教材 |
| 606 | 0 | @a分离 |
| 606 | 0 | @a化工过程 |
| 690 | @aTQ028-43@v5 | |
| 701 | 0 | @a丁明玉@9ding ming yu@4主编 |
| 801 | 0 | @aCN@b91MARC@c20171023 |
| 905 | @b1034566-70@dTQ028-43@f5@e426=2 | |
| 现代分离方法与技术/丁明玉主编.-第2版.-北京:化学工业出版社,2012.3(2016.9) |
| 280页:图;26cm |
| 高等学校教材 |
| ISBN 978-7-122-13397-7:CNY32.00 |
| 本书较全面地介绍了分离科学原理和多种主要分离技术。全书共10章,在简要介绍分离方法的基本概念和基本原理(分离过程的热力学和动力学、分子间的相互作用等)的基础上,对科学研究和生产实际中应用广泛的主要分离技术(包括萃取、色谱、膜分离、电化学分离等)进行了重点阐述。 |
| ● |
| 相关链接 |
|
|
|
|
正题名:现代分离方法与技术
索取号:TQ028-43/426=2
 
预约/预借
| 序号 | 登录号 | 条形码 | 馆藏地/架位号 | 状态 | 备注 |
| 1 | 1034566 | 210345660 | 第二样本阅览室/ [索取号:TQ028-43/426=2] | 在馆 | |
| 2 | 1034567 | 210345679 | 密集书库-化学系/ [索取号:TQ028-43/426=2] | 在馆 | |
| 3 | 1034568 | 210345688 | 第三借阅区/ [索取号:TQ028-43/426=2] | 在馆 | |
| 4 | 1034569 | 210345697 | 第三借阅区/ [索取号:TQ028-43/426=2] | 在馆 | |
| 5 | 1034570 | 210345704 | 第三借阅区/ [索取号:TQ028-43/426=2] | 在馆 |